000 01462nam0a2200397 4500
001 RU\NLR\bibl\411222
005 20250622171127.0
010 _a5-222-03168-3
_910000
021 _aRU
_b2003-19987
_9923
035 _a(NLR Aleph) 000405284
090 _a600775
_c600775
100 _a20030606d2003 |||y0rusy50 ca
101 0 _arus
102 _aRU
105 _ay |||||||||
200 1 _aОбразцовые сочинения в соответствии с новыми требованиями к выпускным экзаменам
_fВ. Б. Боник, О. А. Тосина
210 _aРостов н/Д
_cФеникс
_d2003
215 _a252, [1] с.
_d20
225 1 _aСерия "Библиотека школьника"
300 _aНа обл. авт. не указаны
606 0 _aШкольные сочинения
_91301141
_3RU\NLR\auth\66538870
610 0 _aСочинения по литературе
675 _a373.167.1:811.161.1
_v3
_zrus
675 _a811.161.1(075.3)
_v3
_zrus
686 _a14.25
_2rugasnti
686 _a81.2Рус-922
_2rubbk
686 _aЧ426.131(2)53-254.15
700 1 _aБоник
_bВ. Б.
_gВиктор Борисович
_4070
701 1 _aТосина
_bО. А.
_gОльга Андреевна
_4070
801 0 _aRU
_bRKP
_c20030606
_gPSBO
801 1 _aRU
_bRKP
_c20030606
801 2 _aRU
_bNLR
_c20030704
_grcr
942 _cBOOK
980 _aNB